[Event "SF Olfen 1 - SG Ahaus-Wessum 1"]
[Site "Regionalliga Münsterland 2018"]
[Date "2018.12.01"]
[Round "4.4"]
[White "Beutelhoff, Josef"]
[Black "Diehlmann, Christian"]
[Result "1/2-1/2"]
[WhiteElo "1961"]
[BlackElo "1929"]
[PlyCount "97"]
[EventDate "2018.??.??"]
[SourceDate "2018.09.09"]

1. Nf3 d5 2. d4 Nf6 3. Bf4 e6 4. e3 Nbd7 5. Nbd2 c5 6. c3 Be7 7. h3 O-O 8. Be2
b6 9. O-O Bb7 10. a4 Nh5 11. Bh2 g6 12. Ne5 Nxe5 13. Bxe5 Ng7 14. a5 Bd6 15.
Bxd6 Qxd6 16. Qb1 Nf5 17. b4 cxd4 18. cxd4 Rfc8 19. b5 Rc7 20. a6 Bc8 21. Rc1
Bd7 22. Ra2 Rac8 23. Rac2 Rxc2 24. Rxc2 Qf8 25. Qc1 Nd6 26. Rxc8 Qxc8 27. Qxc8+
Bxc8 28. Nb1 Kg7 29. Nc3 Kf6 30. f3 Ke7 31. Kf2 h5 32. g4 hxg4 33. hxg4 Bd7 34.
Bd3 g5 35. e4 dxe4 36. fxe4 f6 37. Kf3 Nf7 38. Kg3 Kd6 39. Bc4 Nh6 40. e5+ fxe5
41. Ne4+ Ke7 42. dxe5 Nf7 43. Be2 Nxe5 44. Nxg5 Ng6 45. Bd3 Be8 46. Ne4 e5 47.
Nc3 Nf4 48. Bc4 Bg6 49. Kf3 1/2-1/2

[Event "SF Olfen 1 - SG Ahaus-Wessum 1"]
[Site "Regionalliga Münsterland 2018"]
[Date "2018.12.01"]
[Round "4.5"]
[White "Bauland, Thomas"]
[Black "Pinno, Gregor"]
[Result "0-1"]
[WhiteElo "1830"]
[BlackElo "1813"]
[PlyCount "56"]
[EventDate "2018.??.??"]
[SourceDate "2018.09.09"]

1. d4 d5 2. Nf3 Nf6 3. e3 e6 4. Bd3 c5 5. c3 Nc6 6. O-O Be7 7. Nbd2 O-O 8. dxc5
Bxc5 9. e4 Qc7 10. Qe2 dxe4 11. Nxe4 Nxe4 12. Qxe4 f5 13. Qh4 b6 14. Re1 e5 15.
Bc4+ Kh8 16. Ng5 h6 17. Qh5 Rf6 18. Qe8+ Bf8 19. Nf7+ Kh7 20. Qxf8 Bb7 21. Qa3
Na5 22. Nxe5 Nxc4 23. Nxc4 Qxc4 24. Qe7 Qd5 25. f3 Rg6 26. Qe2 Re8 27. Qxe8
Rxg2+ 28. Kh1 Qxf3 0-1

[Event "SF Olfen 1 - SG Ahaus-Wessum 1"]
[Site "Regionalliga Münsterland 2018"]
[Date "2018.12.01"]
[Round "4.6"]
[White "Boenigk, Winfried"]
[Black "Woltering, Martin"]
[Result "1/2-1/2"]
[WhiteElo "1765"]
[BlackElo "1818"]
[PlyCount "46"]
[EventDate "2018.??.??"]
[SourceDate "2018.09.09"]

1. d4 e6 2. c4 f5 3. Nf3 Nf6 4. g3 c6 5. Bg2 d5 6. b3 Be7 7. O-O O-O 8. Ba3 Ne4
9. Bxe7 Qxe7 10. Qc2 Bd7 11. a3 Be8 12. Ne5 Nd7 13. Nd3 g5 14. f3 Qg7 15. e3
Nd6 16. Nc3 Bg6 17. c5 Nf7 18. f4 Rad8 19. b4 Rfe8 20. Qa2 gxf4 21. Nxf4 e5 22.
Nxg6 hxg6 23. Qd2 Nf6 1/2-1/2

[Event "SF Olfen 1 - SG Ahaus-Wessum 1"]
[Site "Regionalliga Münsterland 2018"]
[Date "2018.12.01"]
[Round "4.7"]
[White "Terdues, Guido"]
[Black "Jendrich, Manuel"]
[Result "1/2-1/2"]
[WhiteElo "1754"]
[BlackElo "1831"]
[PlyCount "87"]
[EventDate "2018.??.??"]
[SourceDate "2018.09.09"]

1. f4 d5 2. Nf3 b6 3. e3 Bb7 4. b3 Nd7 5. Bb2 e6 6. Be2 Ngf6 7. O-O Bd6 8. Na3
c6 9. c4 Qe7 10. Nc2 O-O 11. Ne5 Rac8 12. Qe1 Ne8 13. Qg3 f6 14. Nxd7 Qxd7 15.
Qh3 c5 16. cxd5 Bxd5 17. Bf3 f5 18. Rac1 Be7 19. Rfd1 Bf6 20. d4 c4 21. Nb4
Bxf3 22. Qxf3 a5 23. Nc2 b5 24. bxc4 Rxc4 25. Ne1 Nd6 26. Nd3 Qe7 27. Qe2 Rfc8
28. Nc5 Rxc1 29. Rxc1 Nc4 30. Bc3 Kf7 31. a4 b4 32. Bxb4 Nxe3 33. Qxe3 axb4 34.
Re1 Rc6 35. Nd3 Qa7 36. Ne5+ Bxe5 37. Qxe5 Qd7 38. a5 Rd6 39. Rc1 Kg6 40. a6
Rd5 41. Rc7 Rxe5 42. Rxd7 Ra5 43. a7 b3 44. Rb7 1/2-1/2

[Event "SF Olfen 1 - SG Ahaus-Wessum 1"]
[Site "Regionalliga Münsterland 2018"]
[Date "2018.12.01"]
[Round "4.8"]
[White "Limberg, Thomas"]
[Black "Resing, Marvin"]
[Result "1/2-1/2"]
[WhiteElo "1626"]
[BlackElo "1722"]
[PlyCount "43"]
[EventDate "2018.??.??"]
[SourceDate "2018.09.09"]

1. d4 d5 2. c4 e6 3. Nf3 Nf6 4. e3 Be7 5. Nc3 O-O 6. Qc2 Nbd7 7. Bd3 c5 8. O-O
b6 9. Rd1 Bb7 10. e4 cxd4 11. Nxd4 dxe4 12. Nxe4 Bxe4 13. Bxe4 Nxe4 14. Qxe4
Nf6 15. Qe2 Qc7 16. Bg5 Rac8 17. b3 Qc5 18. Nf3 Rfd8 19. Rxd8+ Rxd8 20. Rd1
Rxd1+ 21. Qxd1 Qd6 22. Qxd6 1/2-1/2

[Event "SC Steinfurt 1 - SK Münster 3"]
[Site "Regionalliga Münsterland 2018"]
[Date "2018.12.01"]
[Round "4.1"]
[White "Quante, Lennart"]
[Black "Haselhorst, Helmut"]
[Result "1/2-1/2"]
[WhiteElo "2074"]
[BlackElo "2063"]
[PlyCount "97"]
[EventDate "2018.??.??"]
[SourceDate "2018.09.09"]

1. b3 d5 2. Bb2 Bf5 3. Nf3 e6 4. g3 h6 5. Bg2 Nf6 6. O-O Be7 7. c4 O-O 8. d4
Nbd7 9. Nc3 c6 10. Nd2 a5 11. e4 dxe4 12. Ndxe4 Nxe4 13. Nxe4 a4 14. Qe2 Nf6
15. Rfd1 Nxe4 16. Bxe4 Bxe4 17. Qxe4 Bf6 18. Qc2 Qb6 19. bxa4 Rfd8 20. Rab1 Qb4
21. d5 Bxb2 22. Rxb2 Qxa4 23. Qxa4 Rxa4 24. d6 Rxc4 25. Rxb7 Rc5 26. Rd3 Rd5
27. Rf3 f6 28. Ra3 R8xd6 29. Ra8+ Kh7 30. Raa7 Rg5 31. Kg2 h5 32. h4 Rg6 33.
Ra8 f5 34. Kf3 e5 35. a4 f4 36. gxf4 Rdf6 37. Re7 Rxf4+ 38. Ke3 Rxh4 39. Rxe5
Rh1 40. Rf5 h4 41. Rh5+ Rh6 42. Rxh6+ Kxh6 43. f3 Ra1 44. Kf4 c5 45. Kf5 Kh7
46. Kg4 c4 47. Kxh4 c3 48. Rc8 Rxa4+ 49. Kg5 1/2-1/2

[Event "SC Steinfurt 1 - SK Münster 3"]
[Site "Regionalliga Münsterland 2018"]
[Date "2018.12.01"]
[Round "4.2"]
[White "Rieke, Theo"]
[Black "Borrink, Joern"]
[Result "1/2-1/2"]
[WhiteElo "1936"]
[BlackElo "2119"]
[PlyCount "84"]
[EventDate "2018.??.??"]
[SourceDate "2018.09.09"]

1. c4 e6 2. Nf3 Nf6 3. g3 d5 4. Bg2 Nbd7 5. O-O c6 6. b3 Be7 7. Bb2 O-O 8. d3
Re8 9. Qc2 Bf8 10. d4 Ne4 11. Nfd2 Nxd2 12. Nxd2 f5 13. f3 g6 14. e4 Nf6 15.
Rae1 f4 16. g4 Bg7 17. h3 b6 18. Rf2 Bb7 19. Rfe2 dxe4 20. fxe4 e5 21. dxe5 Nd7
22. Nf3 Nxe5 23. Nxe5 Bxe5 24. Bxe5 Rxe5 25. Rd1 Qe7 26. Red2 Re8 27. Rd7 Qc5+
28. Qf2 Qxf2+ 29. Kxf2 R8e7 30. g5 Kf7 31. h4 c5 32. R1d6 Bxe4 33. Rf6+ Ke8 34.
Rxe7+ Kxe7 35. Rxf4 Bxg2 36. Kxg2 Re2+ 37. Rf2 Rxf2+ 38. Kxf2 Ke6 39. Ke2 Ke5
40. Ke3 a6 41. a3 Kf5 42. Kf3 Ke5 1/2-1/2

[Event "SC Steinfurt 1 - SK Münster 3"]
[Site "Regionalliga Münsterland 2018"]
[Date "2018.12.01"]
[Round "4.3"]
[White "Virnyi, Julius"]
[Black "Graelken, Matthias"]
[Result "1/2-1/2"]
[WhiteElo "2039"]
[BlackElo "2023"]
[PlyCount "39"]
[EventDate "2018.??.??"]
[SourceDate "2018.09.09"]

1. d4 Nf6 2. c4 c5 3. Nf3 cxd4 4. Nxd4 b6 5. Nc3 Bb7 6. f3 d6 7. e4 a6 8. Be2
e6 9. O-O Be7 10. Be3 O-O 11. Qd2 Nbd7 12. Rac1 Rc8 13. Rfd1 Qc7 14. Kh1 Qb8
15. Bf1 Rfe8 16. a3 Bd8 17. Bg1 Kh8 18. b4 Rg8 19. Nb3 Bc7 20. Qg5 1/2-1/2

[Event "SC Steinfurt 1 - SK Münster 3"]
[Site "Regionalliga Münsterland 2018"]
[Date "2018.12.01"]
[Round "4.4"]
[White "Arning, Marcus"]
[Black "Kubo, Thomas"]
[Result "1-0"]
[WhiteElo "1910"]
[BlackElo "1984"]
[PlyCount "69"]
[EventDate "2018.??.??"]
[SourceDate "2018.09.09"]

1. e4 c6 2. d4 d5 3. exd5 cxd5 4. Nf3 Nc6 5. Bb5 Nf6 6. Nbd2 Bg4 7. c4 Qa5 8.
O-O dxc4 9. a4 e6 10. Nxc4 Qc7 11. Nce5 Bd6 12. Nxg4 Nxg4 13. d5 exd5 14. Re1+
Kf8 15. h3 Nf6 16. Bg5 a6 17. Bxc6 bxc6 18. Bxf6 gxf6 19. Nd4 h5 20. Rc1 c5 21.
Nf5 Qd7 22. Qf3 Rd8 23. Red1 d4 24. b4 Be5 25. bxc5 Qxa4 26. c6 Rc8 27. Qd5 Qb5
28. Qd7 Qb8 29. Qb7 a5 30. Qxb8 Rxb8 31. Nxd4 Kg7 32. c7 Rbc8 33. Nf5+ Kh7 34.
Rd7 Rhf8 35. Ne7 1-0

[Event "SC Steinfurt 1 - SK Münster 3"]
[Site "Regionalliga Münsterland 2018"]
[Date "2018.12.01"]
[Round "4.5"]
[White "Austrup, David"]
[Black "Janning, Rainer"]
[Result "1-0"]
[WhiteElo "1952"]
[BlackElo "1876"]
[PlyCount "69"]
[EventDate "2018.??.??"]
[SourceDate "2018.09.09"]

1. e4 c6 2. d4 d5 3. exd5 cxd5 4. c4 Nf6 5. Nc3 e6 6. Nf3 Be7 7. cxd5 Nxd5 8.
Bd3 Nc6 9. O-O O-O 10. Re1 a6 11. a3 Bf6 12. Bc2 Nde7 13. Ng5 Ng6 14. Qh5 Bxg5
15. Bxg5 f6 16. Be3 f5 17. Rad1 Nce7 18. d5 exd5 19. Bb3 Be6 20. Bg5 Bf7 21.
Nxd5 Bxd5 22. Bxd5+ Qxd5 23. Rxd5 Nxd5 24. Qf3 Nf6 25. Bxf6 Rxf6 26. Qxb7 Rd8
27. g3 f4 28. Qb3+ Kf8 29. Re6 Rf7 30. Rxa6 f3 31. Rb6 Ne7 32. Rb8 Nc8 33. Qc2
Re7 34. Qf5+ Rf7 35. Qc5+ 1-0

[Event "SC Steinfurt 1 - SK Münster 3"]
[Site "Regionalliga Münsterland 2018"]
[Date "2018.12.01"]
[Round "4.6"]
[White "Schulz, Joachim"]
[Black "Kamp, Aaron"]
[Result "0-1"]
[WhiteElo "1886"]
[BlackElo "1800"]
[PlyCount "54"]
[EventDate "2018.??.??"]
[SourceDate "2018.09.09"]

1. Nf3 Nf6 2. c4 g6 3. b4 Bg7 4. Bb2 O-O 5. Qb3 d6 6. d4 c5 7. dxc5 dxc5 8. b5
Bf5 9. Nc3 a6 10. g3 axb5 11. Nxb5 Nc6 12. Bg2 Nb4 13. O-O Bc2 14. Qc3 Ba4 15.
a3 Nbd5 16. cxd5 Bxb5 17. Qxc5 Bxe2 18. Rfe1 Ra5 19. Qc3 Bxf3 20. Bxf3 Rb5 21.
Rad1 Ne8 22. Re5 Qb6 23. Qe3 Rxb2 24. Rxe7 Qxe3 25. fxe3 Nd6 26. Rc1 Nf5 27.
Re4 Bh6 0-1

[Event "SC Steinfurt 1 - SK Münster 3"]
[Site "Regionalliga Münsterland 2018"]
[Date "2018.12.01"]
[Round "4.7"]
[White "Kamp, Adrian"]
[Black "Wild, Helmut"]
[Result "1/2-1/2"]
[WhiteElo "1835"]
[BlackElo "1764"]
[PlyCount "42"]
[EventDate "2018.??.??"]
[SourceDate "2018.09.09"]

1. e4 c6 2. d4 d5 3. e5 Bf5 4. h4 h5 5. Bd3 Bxd3 6. Qxd3 e6 7. Bg5 Be7 8. Nf3
Nd7 9. Nbd2 a6 10. c4 b5 11. c5 a5 12. O-O Nh6 13. Bxe7 Qxe7 14. Ng5 Nf5 15. g3
g6 16. Rfe1 Nf8 17. Kg2 Nh7 18. Nxh7 Rxh7 19. Nf3 Rh8 20. Ng5 Kd7 21. a4 b4
1/2-1/2

[Event "SC Steinfurt 1 - SK Münster 3"]
[Site "Regionalliga Münsterland 2018"]
[Date "2018.12.01"]
[Round "4.8"]
[White "Raue, Thorsten"]
[Black "Schroeder, Lennart"]
[Result "0-1"]
[WhiteElo "1792"]
[BlackElo "1825"]
[PlyCount "66"]
[EventDate "2018.??.??"]
[SourceDate "2018.09.09"]

1. b4 e5 2. Bb2 Bxb4 3. Bxe5 Nf6 4. e3 Nc6 5. Bb2 O-O 6. Nf3 d5 7. c4 Bf5 8.
cxd5 Nxd5 9. Be2 Re8 10. O-O Qe7 11. a3 Bd6 12. Qb3 Nb6 13. d4 a5 14. Bb5 Be4
15. Nbd2 a4 16. Qd1 Ra5 17. Nxe4 Rxb5 18. Nxd6 Qxd6 19. Qc2 Na5 20. Nd2 Re6 21.
e4 Rh6 22. e5 Qc6 23. Qxc6 Rxc6 24. Rab1 Rc2 25. Bc1 Nb3 26. Rd1 Nd5 27. Rb2
Nxd4 28. Rxc2 Nxc2 29. Nc4 h6 30. f4 Rc5 31. Kf2 b5 32. Ne3 Ncxe3 33. Bxe3 Rc2+
0-1